<?xml version="1.0" encoding="UTF-8"?>
<record
    xmlns:xsi="http://www.w3.org/2001/XMLSchema-instance"
    xsi:schemaLocation="http://www.loc.gov/MARC21/slim http://www.loc.gov/standards/marcxml/schema/MARC21slim.xsd"
    xmlns="http://www.loc.gov/MARC21/slim">

  <leader>02540nam a2200325 a 4500</leader>
  <controlfield tag="005">20150828132506.0</controlfield>
  <controlfield tag="008">130606s2008    ck a   gr     000 0dspa d</controlfield>
  <datafield tag="020" ind1=" " ind2=" ">
    <subfield code="a">9789589782682</subfield>
  </datafield>
  <datafield tag="040" ind1=" " ind2=" ">
    <subfield code="a">CO-BoBLA </subfield>
    <subfield code="c">CO-BoBLA</subfield>
    <subfield code="d">CO-BoIAVH</subfield>
  </datafield>
  <datafield tag="041" ind1="0" ind2=" ">
    <subfield code="a">spa</subfield>
  </datafield>
  <datafield tag="044" ind1=" " ind2=" ">
    <subfield code="a">ck</subfield>
  </datafield>
  <datafield tag="082" ind1="0" ind2="4">
    <subfield code="a">639.34 </subfield>
    <subfield code="b">F19c</subfield>
  </datafield>
  <datafield tag="245" ind1="0" ind2="0">
    <subfield code="a">Contribuci&#xF3;n a la gesti&#xF3;n sostenible y al conocimiento biol&#xF3;gico y socio econ&#xF3;mico de la cadena de valor de peces ornamentales de Puerto Carre&#xF1;o :</subfield>
    <subfield code="b">reserva de bi&#xF3;sfera el Tuparro (Vichada-Colombia) / </subfield>
    <subfield code="c">Hernando Ram&#xED;rez Gil ... [et al.] ; editoras Patricia Falla Ram&#xED;rez, Johanna Poveda Rocha ; fotograf&#xED;a Rosa Elena Ajiaco M. ... [et al.] ; ilustraciones y gr&#xE1;ficos Luisa Fda. Cuervo G.</subfield>
  </datafield>
  <datafield tag="260" ind1=" " ind2=" ">
    <subfield code="a">Bogot&#xE1; : </subfield>
    <subfield code="b">Fundaci&#xF3;n Omacha Colombia ; </subfield>
    <subfield code="a">Villavicencio : </subfield>
    <subfield code="b">Fundaci&#xF3;n Horizonte Verde : </subfield>
    <subfield code="b">Fondo para la Acci&#xF3;n Ambiental y la Ni&#xF1;ez, </subfield>
    <subfield code="c">2008.</subfield>
  </datafield>
  <datafield tag="300" ind1=" " ind2=" ">
    <subfield code="a">125 p.</subfield>
    <subfield code="b">ilustraciones, gr&#xE1;ficas y tablas</subfield>
    <subfield code="c">24 cm.</subfield>
  </datafield>
  <datafield tag="500" ind1=" " ind2=" ">
    <subfield code="a">En el marco del Proyecto Pijiwi Orinoko "Incremento y consolidaci&#xF3;n de &#xE1;reas protegidas y generaci&#xF3;n de alternativas econ&#xF3;micas sostenibles enfocadas en la pesca ornamental y el ecoturismo en la Reserva de Bi&#xF3;sfera El Tuparro a trav&#xE9;s de un esquema participativo".
Incluye anexos.
Incluye lista de  figuras, tablas y anexos.</subfield>
  </datafield>
  <datafield tag="504" ind1=" " ind2=" ">
    <subfield code="a">Incluye referencia bibliogr&#xE1;ficas (P&#xE1;ginas 97-104).</subfield>
  </datafield>
  <datafield tag="505" ind1=" " ind2=" ">
    <subfield code="a">Algunas consideraciones conceptuales que sustentan la propuesta de conformar la cadena de valor de peces ornamentales bajo los principios de biocomercio y comercio justo.
Marco normativo de la pesca y comercializaci&#xF3;n de peces ornamentales.
Aspectos biol&#xF3;gicos de la cadena de valor de peces ornamentales.
Mercado de peces ornamentales.
La cadena de valor de los peces ornamentales de Puerto Carre&#xF1;o.
Estrategia de competitividad para la cadena de valor de peces ornamentales de Puerto Carre&#xF1;o.</subfield>
  </datafield>
  <datafield tag="650" ind1=" " ind2="4">
    <subfield code="a">Peces ornamentales</subfield>
    <subfield code="x"> Comercio</subfield>
    <subfield code="z"> Reserva de Bi&#xF3;sfera El Tuparro (Vichada, Colombia)</subfield>
  </datafield>
  <datafield tag="650" ind1=" " ind2="4">
    <subfield code="a">Desarrollo sostenible</subfield>
    <subfield code="z"> Reserva de Bi&#xF3;sfera El Tuparro (Vichada, Colombia)</subfield>
  </datafield>
  <datafield tag="651" ind1=" " ind2="4">
    <subfield code="a">Reserva de Bi&#xF3;sfera El Tuparro (Vichada, Colombia)</subfield>
    <subfield code="x"> Aspectos ambientales.</subfield>
  </datafield>
  <datafield tag="700" ind1="1" ind2=" ">
    <subfield code="a">Ram&#xED;rez Gil, Hernando.</subfield>
  </datafield>
  <datafield tag="700" ind1="1" ind2=" ">
    <subfield code="a">Falla Ram&#xED;rez, Patricia, </subfield>
  </datafield>
  <datafield tag="700" ind1="1" ind2=" ">
    <subfield code="a">Poveda Rocha, Johanna, </subfield>
  </datafield>
  <datafield tag="700" ind1="1" ind2=" ">
    <subfield code="a">Lozada Perdomo, Paola Andrea</subfield>
  </datafield>
  <datafield tag="700" ind1="1" ind2=" ">
    <subfield code="a">Ajiaco M., Rosa Elena, </subfield>
    <subfield code="e">fotograf&#xED;as</subfield>
  </datafield>
  <datafield tag="700" ind1="1" ind2=" ">
    <subfield code="a">Cuervo G., Luisa Fernanda, </subfield>
    <subfield code="e">ilustreciones</subfield>
  </datafield>
  <datafield tag="942" ind1=" " ind2=" ">
    <subfield code="2">ddc</subfield>
    <subfield code="c">LIBRO</subfield>
  </datafield>
  <datafield tag="949" ind1=" " ind2=" ">
    <subfield code="a">n   </subfield>
    <subfield code="b">n</subfield>
  </datafield>
  <datafield tag="999" ind1=" " ind2=" ">
    <subfield code="c">17728</subfield>
    <subfield code="d">17728</subfield>
  </datafield>
  <datafield tag="952" ind1=" " ind2=" ">
    <subfield code="0">0</subfield>
    <subfield code="1">0</subfield>
    <subfield code="2">ddc</subfield>
    <subfield code="4">0</subfield>
    <subfield code="7">0</subfield>
    <subfield code="8">GENERAL</subfield>
    <subfield code="I">INV2017</subfield>
    <subfield code="a">Bogota</subfield>
    <subfield code="b">Bogota</subfield>
    <subfield code="d">2015-08-28</subfield>
    <subfield code="e">Instituto</subfield>
    <subfield code="g">39000.00</subfield>
    <subfield code="l">0</subfield>
    <subfield code="o">LB-639.34  F19c</subfield>
    <subfield code="p">038733</subfield>
    <subfield code="r">2015-08-28 00:00:00</subfield>
    <subfield code="t">Ej. 1</subfield>
    <subfield code="w">2015-08-28</subfield>
    <subfield code="x">Donaci&#xF3;n</subfield>
    <subfield code="y">LIBRO</subfield>
  </datafield>
  <datafield tag="952" ind1=" " ind2=" ">
    <subfield code="0">0</subfield>
    <subfield code="1">0</subfield>
    <subfield code="2">ddc</subfield>
    <subfield code="4">0</subfield>
    <subfield code="7">0</subfield>
    <subfield code="8">GENERAL</subfield>
    <subfield code="I">INV2017</subfield>
    <subfield code="a">Venado</subfield>
    <subfield code="b">Venado</subfield>
    <subfield code="d">2016-01-29</subfield>
    <subfield code="e">Instituto</subfield>
    <subfield code="g">39000.00</subfield>
    <subfield code="l">0</subfield>
    <subfield code="o">LB-639.34  F19c</subfield>
    <subfield code="p">039642</subfield>
    <subfield code="r">2016-01-29 00:00:00</subfield>
    <subfield code="t">Ej. 2</subfield>
    <subfield code="w">2016-01-29</subfield>
    <subfield code="x">Donaci&#xF3;n</subfield>
    <subfield code="y">LIBRO</subfield>
  </datafield>
</record>
